[Event "RSA-ch U10 Girls"]
[Site "Waterkloof"]
[Date "2015.04.08"]
[Round "7"]
[White "Wolmarans, Marli"]
[Black "Dheda, Bianca"]
[Result "1-0"]
[WhiteElo "715"]
[BlackElo "837"]
[PlyCount "50"]
[EventDate "2015.04.04"]
[EventType "swiss"]
[EventRounds "9"]
[EventCountry "RSA"]
[SourceTitle "CBM 166 Extra"]
[Source "ChessBase"]
[SourceDate "2015.06.18"]
[SourceVersion "1"]
[SourceVersionDate "2015.06.18"]
[SourceQuality "1"]

1. d4 d5 2. e3 Nc6 3. c3 Bf5 4. Bd3 Bxd3 5. Qxd3 Nf6 6. f4 e6 7. Nd2 g6 8. Ngf3 Bg7 9. 0-0 0-0 10. b3 Re8 11. Bb2 h6 12. Rf2 Ng4 13. Re2 a6 14. Rae1 Qf6 15. e4 dxe4 16. Rxe4 Qf5 17. c4 Rad8 18. d5 exd5 19. Rxe8+ Rxe8 20. Rxe8+ Kh7 21. Qxd5 Bxb2 22. Qe4 Nf6 23. Qxf5 gxf5 24. Rf8 Kg7 25. Rc8 Nd4 1-0

[Event "RSA-ch U10 Girls"]
[Site "Waterkloof"]
[Date "2015.04.06"]
[Round "3"]
[White "Wolmarans, Marli"]
[Black "Schoeman, Sane"]
[Result "0-1"]
[WhiteElo "715"]
[BlackElo "930"]
[PlyCount "76"]
[EventDate "2015.04.04"]
[EventType "swiss"]
[EventRounds "9"]
[EventCountry "RSA"]
[SourceTitle "CBM 166 Extra"]
[Source "ChessBase"]
[SourceDate "2015.06.18"]
[SourceVersion "1"]
[SourceVersionDate "2015.06.18"]
[SourceQuality "1"]

1. d4 Nf6 2. e3 e6 3. Bd3 Nc6 4. c3 d5 5. f4 Bd7 6. Nf3 Bd6 7. Nbd2 0-0 8. Ng5 g6 9. Ndf3 Re8 10. Ne5 Bf8 11. Nexf7 Qe7 12. 0-0 Bg7 13. Ne5 Nxe5 14. fxe5 Nh5 15. Rf7 Qxg5 16. Rxd7 Rf8 17. e4 Qh4 18. Be3 dxe4 19. Bc4 Rae8 20. Rxc7 Nf4 21. g3 Qg5 22. Rxb7 Nh3+ 23. Kg2 Qxe3 24. Kxh3 Rf4 25. Qb3 Kh8 26. Bxe6 Qf3 27. Bf7 Rf8 28. e6 R8xf7 29. e7 Rf8 30. Rb8 Rxb8 31. Qxb8+ Rf8 32. Qxa7 Re8 33. d5 Qf5+ 34. g4 Qxd5 35. b3 Ra8 36. c4 Qc6 37. Qa4 Rxa4 38. bxa4 Bxa1 0-1